[Event "Thrissur op (Women)"]
[Site "Thrissur"]
[Date "2013.07.29"]
[Round "6"]
[White "Preethi, Rajkumar"]
[Black "Pratyusha, Bodda"]
[Result "0-1"]
[WhiteElo "2005"]
[BlackElo "2180"]
[PlyCount "90"]
[EventDate "2013.07.26"]
[EventType "swiss"]
[EventRounds "11"]
[EventCountry "IND"]
[SourceTitle "EXT 2014"]
[Source "ChessBase"]
[SourceDate "2013.11.20"]
[SourceVersion "1"]
[SourceVersionDate "2013.11.20"]
[SourceQuality "1"]

1. e4 e5 2. Nf3 Nc6 3. Bc4 Bc5 4. 0-0 Nf6 5. d3 0-0 6. Bg5 Be7 7. c3 h6 8. Bh4 d6 9. Nbd2 g5 10. Bg3 Bg4 11. h3 Bh5 12. Qe1 Bg6 13. b4 Qd7 14. Nb3 Kh7 15. d4 Rae8 16. b5 Nd8 17. dxe5 Nxe4 18. exd6 Bxd6 19. Bxd6 Nxd6 20. Qd1 g4 21. hxg4 Qxg4 22. Bd3 Ne4 23. Qc2 Rg8 24. Nh2 Qh5 25. f3 Ng3 26. Rfe1 Ne6 27. Bxg6+ Rxg6 28. Ng4 Qh1+ 29. Kf2 Qh4 30. Kg1 h5 31. Nh2 Reg8 32. Nd4 Nf4 33. Re5 Kh8 34. Rae1 Nh3+ 35. gxh3 Ne2+ 36. Kf1 Rg1+ 37. Kxe2 Qxe1+ 38. Kd3 Qxe5 39. Qd2 R8g6 40. f4 Qd5 41. Qe2 R1g2 42. Qe3 Rxh2 43. f5 Rd6 44. c4 Qxf5+ 45. Kc3 Qxh3 0-1

[Event "IND-chB (Women) 38th"]
[Site "Chennai"]
[Date "2011.07.10"]
[Round "11"]
[White "Akshaya, A."]
[Black "Preethi, Rajkumar"]
[Result "1/2-1/2"]
[WhiteElo "1966"]
[BlackElo "2065"]
[PlyCount "88"]
[EventDate "2011.07.02"]
[EventType "swiss"]
[EventRounds "11"]
[EventCountry "IND"]
[SourceTitle "CBM 143 Extra"]
[Source "ChessBase"]
[SourceDate "2011.08.29"]
[SourceVersion "1"]
[SourceVersionDate "2011.08.29"]
[SourceQuality "1"]

1. e4 c5 2. Nf3 Nc6 3. Bb5 g6 4. Bxc6 dxc6 5. d3 Bg7 6. Nc3 Nf6 7. h3 Nd7 8. Be3 Qa5 9. Bd2 Qc7 10. Qc1 h6 11. 0-0 e5 12. Ne2 Nf8 13. Nh2 Ne6 14. f4 exf4 15. Nxf4 Be5 16. Kh1 Nd4 17. c3 Ne6 18. Be3 Qd6 19. Nxe6 Bxe6 20. Nf3 Bg7 21. d4 g5 22. dxc5 Qd3 23. Bd4 Bxd4 24. Nxd4 0-0-0 25. Re1 Rhg8 26. Qe3 Qc4 27. Nxe6 Qxe6 28. b3 g4 29. Rad1 gxh3 30. Rxd8+ Kxd8 31. gxh3 Kc8 32. Rg1 Rxg1+ 33. Kxg1 f5 34. e5 f4 35. Qxf4 Qxh3 36. Qf8+ Kc7 37. Qf7+ Kc8 38. Qf8+ Kc7 39. Qf7+ Kc8 40. e6 Qe3+ 41. Kf1 Qc1+ 42. Kf2 Qd2+ 43. Kf1 Qc1+ 44. Kf2 Qd2+ 1/2-1/2

[Event "IND-chB (Women) 38th"]
[Site "Chennai"]
[Date "2011.07.08"]
[Round "9"]
[White "Preethi, Rajkumar"]
[Black "Lasya, Goli"]
[Result "0-1"]
[WhiteElo "2065"]
[BlackElo "1898"]
[PlyCount "112"]
[EventDate "2011.07.02"]
[EventType "swiss"]
[EventRounds "11"]
[EventCountry "IND"]
[SourceTitle "CBM 143 Extra"]
[Source "ChessBase"]
[SourceDate "2011.08.29"]
[SourceVersion "1"]
[SourceVersionDate "2011.08.29"]
[SourceQuality "1"]

1. e4 c5 2. Nf3 d6 3. d4 Nf6 4. Nc3 cxd4 5. Nxd4 Nc6 6. Bg5 e6 7. Qd2 a6 8. 0-0-0 Bd7 9. Be2 b5 10. Qe3 Be7 11. a3 Ng4 12. Bxg4 Bxg5 13. f4 Be7 14. Kb1 Na5 15. f5 Nc4 16. Qe2 e5 17. Nb3 Bc6 18. Nd5 Bxd5 19. Rxd5 Qb6 20. Nd2 Rb8 21. Nxc4 bxc4 22. c3 Qb3 23. Ka1 0-0 24. Rb1 Rb7 25. Qd1 Qb6 26. Qg1 Qc6 27. Qd1 Rb3 28. Qc2 Rfb8 29. Bd1 Qb6 30. Qc1 Bg5 31. Qc2 Be3 32. Be2 Qc6 33. Qd1 Qa4 34. Ka2 Bc5 35. Rxc5 dxc5 36. Qd2 Qb5 37. Qc1 Qc6 38. Bxc4 R3b6 39. Bd5 Qh6 40. Qc2 Qxh2 41. b3 Qg3 42. Rd1 a5 43. Rd3 Qe1 44. Rd1 Qh4 45. a4 g6 46. Qe2 Kg7 47. Qe3 Qg4 48. Rf1 Rf6 49. Qxc5 Qe2+ 50. Ka3 Qxf1 51. b4 Qa1+ 52. Kb3 axb4 53. cxb4 Ra6 54. Bc6 Qb1+ 55. Ka3 Rxc6 56. Qxe5+ f6 0-1

[Event "IND-chB (Women) 38th"]
[Site "Chennai"]
[Date "2011.07.06"]
[Round "7"]
[White "Preethi, Rajkumar"]
[Black "Supriya, Joshi"]
[Result "1/2-1/2"]
[WhiteElo "2065"]
[BlackElo "1829"]
[PlyCount "55"]
[EventDate "2011.07.02"]
[EventType "swiss"]
[EventRounds "11"]
[EventCountry "IND"]
[SourceTitle "CBM 143 Extra"]
[Source "ChessBase"]
[SourceDate "2011.08.29"]
[SourceVersion "1"]
[SourceVersionDate "2011.08.29"]
[SourceQuality "1"]

1. e4 c6 2. d4 d5 3. Nc3 dxe4 4. Nxe4 Bf5 5. Ng3 Bg6 6. Bc4 e6 7. N1e2 Nf6 8. 0-0 Nbd7 9. Bd3 Nb6 10. c4 Be7 11. b3 0-0 12. Bb2 Qc7 13. Qc2 Rfd8 14. Rad1 Rac8 15. Bc3 Nbd7 16. Bxg6 hxg6 17. Rfe1 Bd6 18. Nc1 b5 19. c5 Bxg3 20. hxg3 Nd5 21. Nd3 Nxc3 22. Qxc3 Nf6 23. Ne5 Rd5 24. Rd2 Rcd8 25. Re3 Nd7 26. Nf3 Nf6 27. Ne5 Nd7 28. Nf3 1/2-1/2

[Event "Bhubaneswar op 3rd"]
[Site "Bhubaneswar"]
[Date "2011.06.03"]
[Round "8"]
[White "Preethi, Rajkumar"]
[Black "Ashwin, Jayaram"]
[Result "1-0"]
[WhiteElo "2031"]
[BlackElo "2439"]
[PlyCount "47"]
[EventDate "2011.05.28"]
[EventType "swiss"]
[EventRounds "11"]
[EventCountry "IND"]
[SourceTitle "CBM 142 Extra"]
[Source "ChessBase"]
[SourceDate "2011.06.27"]
[SourceVersion "1"]
[SourceVersionDate "2011.06.27"]
[SourceQuality "1"]

1. e4 c5 2. Nf3 d6 3. d4 cxd4 4. Nxd4 Nf6 5. Nc3 a6 6. Be2 e6 7. Be3 Qc7 8. 0-0 Be7 9. f4 Nc6 10. Qe1 Nxd4 11. Bxd4 b5 12. e5 dxe5 13. fxe5 Bc5 14. Qf2 Bxd4 15. Qxd4 Nd7 16. Bxb5 axb5 17. Nxb5 Qxe5 18. Nd6+ Kf8 19. Qb4 Rb8 20. Rxf7+ Kg8 21. Rxd7 Bb7 22. Nxb7 Rf8 23. Rd8 Qe3+ 24. Kh1 1-0

[Event "IND-ch (Women) 37th"]
[Site "Bhubaneswar"]
[Date "2011.01.03"]
[Round "9"]
[White "Preethi, Rajkumar"]
[Black "Nivedhitha, JG."]
[Result "1-0"]
[WhiteElo "2073"]
[BlackElo "1819"]
[PlyCount "87"]
[EventDate "2010.12.25"]
[EventType "swiss"]
[EventRounds "11"]
[EventCountry "IND"]
[SourceTitle "CBM 140 Extra"]
[Source "ChessBase"]
[SourceDate "2011.03.01"]
[SourceVersion "1"]
[SourceVersionDate "2011.03.01"]
[SourceQuality "1"]

1. e4 c5 2. Nf3 d6 3. d4 cxd4 4. Nxd4 Nf6 5. Nc3 g6 6. Be3 Bg7 7. f3 Nc6 8. Qd2 0-0 9. 0-0-0 Nxd4 10. Bxd4 Be6 11. Kb1 a6 12. g4 Re8 13. h4 Qa5 14. h5 h6 15. hxg6 fxg6 16. Qe3 Qc7 17. g5 hxg5 18. Qxg5 Bf7 19. Nd5 Qd8 20. Nb6 Rb8 21. Bc4 e6 22. Qg1 Qc7 23. Bb3 e5 24. Be3 Bxb3 25. cxb3 Kf7 26. Qg5 Rg8 27. Rdg1 Bf8 28. Qxf6+ Kxf6 29. Nd5+ Kf7 30. Nxc7 Rc8 31. Nd5 Bg7 32. Bh6 Bf6 33. Bg5 Bxg5 34. Rxg5 Rh8 35. Rxh8 Rxh8 36. Rg2 Rh3 37. Rf2 g5 38. Kc2 Kg6 39. Ne3 Kf6 40. Kd3 Ke6 41. Kc4 Rg3 42. b4 b6 43. b5 a5 44. Nd5 1-0

[Event "IND-ch (Women) 37th"]
[Site "Bhubaneswar"]
[Date "2010.12.26"]
[Round "2"]
[White "Shweta, Gole"]
[Black "Preethi, Rajkumar"]
[Result "0-1"]
[WhiteElo "1906"]
[BlackElo "2073"]
[PlyCount "80"]
[EventDate "2010.12.25"]
[EventType "swiss"]
[EventRounds "11"]
[EventCountry "IND"]
[SourceTitle "CBM 140 Extra"]
[Source "ChessBase"]
[SourceDate "2011.03.01"]
[SourceVersion "1"]
[SourceVersionDate "2011.03.01"]
[SourceQuality "1"]

1. d4 Nf6 2. Nf3 e6 3. e3 b6 4. Bd3 Bb7 5. Nbd2 d5 6. 0-0 Bd6 7. b3 0-0 8. Bb2 Nbd7 9. Ne5 Ne4 10. f3 Nxd2 11. Qxd2 f6 12. Nxd7 Qxd7 13. f4 f5 14. Rf3 a5 15. Qe2 a4 16. a3 axb3 17. cxb3 Ra7 18. Rh3 Rfa8 19. a4 Ba6 20. Rb1 Bxd3 21. Qxd3 b5 22. axb5 Rb7 23. b6 Rxb6 24. Rf3 Qb5 25. Qd2 Qxb3 26. Rff1 Ra2 27. Rf2 Ba3 28. Qc1 c6 29. h3 Rxb2 30. Rbxb2 Bxb2 31. Qc5 Qb4 32. Qc2 Ba3 33. Kh2 Qb2 34. Qxb2 Rxb2 35. Rxb2 Bxb2 36. Kg3 Ba3 37. Kf3 c5 38. dxc5 Bxc5 39. Kg3 Bxe3 40. Kh4 Bxf4 0-1

[Event "IND-chB (Women)"]
[Site "Shilpgram"]
[Date "2010.08.22"]
[Round "3"]
[White "Tejaswini, Sagar"]
[Black "Preethi, Rajkumar"]
[Result "0-1"]
[WhiteElo "1637"]
[BlackElo "2109"]
[PlyCount "100"]
[EventDate "2010.08.20"]
[EventType "swiss"]
[EventRounds "11"]
[EventCountry "IND"]
[SourceTitle "CBM 138 Extra"]
[Source "ChessBase"]
[SourceDate "2010.10.29"]
[SourceVersion "1"]
[SourceVersionDate "2010.10.29"]
[SourceQuality "1"]

1. e4 c5 2. Nf3 Nc6 3. d4 cxd4 4. Nxd4 Nf6 5. Nc3 e5 6. Ndb5 d6 7. Bg5 a6 8. Na3 b5 9. Nd5 Be7 10. Bxf6 Bxf6 11. c3 Bg5 12. Nc2 0-0 13. a4 bxa4 14. Rxa4 a5 15. Bc4 Kh8 16. Nce3 Bxe3 17. Nxe3 Ne7 18. b4 Bb7 19. Bd5 Nxd5 20. exd5 Qc7 21. c4 axb4 22. Rxb4 Qa5 23. Nc2 Ba6 24. 0-0 Rac8 25. Qg4 Qc5 26. Re1 Bxc4 27. Rbb1 Bd3 28. Rbc1 Bxc2 29. h3 Qxd5 30. Kh2 Qe6 31. Qg3 Bg6 32. Ra1 Rfd8 33. f4 e4 34. Qe3 d5 35. Rad1 Rc4 36. Rd4 Rxd4 37. Qxd4 Qf6 38. Qd2 d4 39. g3 e3 40. Qe2 Qe7 41. Rd1 d3 42. Qg2 e2 43. Re1 Re8 44. Qf2 d2 45. Ra1 e1Q 46. Rxe1 dxe1Q 47. Qxe1 Qxe1 48. Kg2 Qe2+ 49. Kg1 Be4 50. g4 Qg2# 0-1

[Event "Commonwealth-ch"]
[Site "New Delhi"]
[Date "2010.05.18"]
[Round "11"]
[White "Meenakshi, Subbaraman"]
[Black "Preethi, Rajkumar"]
[Result "1-0"]
[WhiteElo "2348"]
[BlackElo "2076"]
[PlyCount "75"]
[EventDate "2010.05.10"]
[EventType "swiss"]
[EventRounds "11"]
[EventCountry "IND"]
[SourceTitle "CBM 136 Extra"]
[Source "ChessBase"]
[SourceDate "2010.07.02"]
[SourceVersion "2"]
[SourceVersionDate "2010.07.15"]
[SourceQuality "1"]

1. d4 Nf6 2. c4 e6 3. Nf3 Bb4+ 4. Nbd2 b6 5. a3 Bxd2+ 6. Qxd2 Bb7 7. g3 0-0 8. Bg2 d6 9. 0-0 Nbd7 10. b4 c5 11. dxc5 dxc5 12. Bb2 Qe7 13. Rfd1 Rac8 14. b5 Rfd8 15. Qg5 h6 16. Qe3 Ra8 17. a4 a6 18. Qc3 axb5 19. axb5 Rxa1 20. Rxa1 Ra8 21. Rd1 Ra4 22. Qc2 Ra8 23. Rd2 Be4 24. Qc3 Bb7 25. Rd1 Rd8 26. Ra1 Ra8 27. Rxa8+ Bxa8 28. Qd3 Be4 29. Qd2 Ba8 30. Ne5 Bxg2 31. Kxg2 Nxe5 32. Bxe5 Ne8 33. f3 f6 34. Bb8 Kf7 35. Qa2 Nd6 36. h4 Kg6 37. Qd2 Nc8 38. h5+ 1-0

[Event "Chennai op 2nd"]
[Site "Chennai"]
[Date "2010.01.28"]
[Round "5"]
[White "Lim, Yee Weng"]
[Black "Preethi, Rajkumar"]
[Result "1-0"]
[WhiteElo "2289"]
[BlackElo "2092"]
[PlyCount "59"]
[EventDate "2010.01.25"]
[EventType "swiss"]
[EventRounds "11"]
[EventCountry "IND"]
[SourceTitle "CBM 134 Extra"]
[Source "ChessBase"]
[SourceDate "2010.03.03"]
[SourceVersion "1"]
[SourceVersionDate "2010.03.03"]
[SourceQuality "1"]

1. e4 c5 2. c3 Nf6 3. e5 Nd5 4. Nf3 e6 5. d4 cxd4 6. cxd4 Nc6 7. Nc3 Nxc3 8. bxc3 d6 9. exd6 Bxd6 10. Bd3 Qa5 11. 0-0 h6 12. Qe2 Qh5 13. Re1 0-0 14. Bc2 Rd8 15. Qd3 g6 16. Re4 Bf8 17. Rh4 Qf5 18. Qe2 Qa5 19. Qe1 h5 20. Bg5 Be7 21. Qe3 Bxg5 22. Nxg5 Ne7 23. Ne4 Kg7 24. g4 Rh8 25. Qf3 Ng8 26. g5 Bd7 27. Rf4 Rf8 28. Nc5 Bc6 29. Rxf7+ Rxf7 30. Nxe6+ 1-0

[Event "IND-ch U20 Girls"]
[Site "Chennai"]
[Date "2009.09.23"]
[Round "5"]
[White "Bhakti, Kulkarni"]
[Black "Preethi, Rajkumar"]
[Result "1-0"]
[WhiteElo "2188"]
[BlackElo "2081"]
[PlyCount "151"]
[EventDate "2009.09.20"]
[EventType "swiss"]
[EventRounds "11"]
[EventCountry "IND"]
[SourceTitle "CBM 132 Extra"]
[Source "ChessBase"]
[SourceDate "2009.11.03"]
[SourceVersion "1"]
[SourceVersionDate "2009.11.03"]
[SourceQuality "1"]

1. Nf3 d5 2. d4 Nf6 3. c4 c6 4. e3 Bf5 5. Nc3 Nbd7 6. Qb3 Qb6 7. c5 Qc7 8. Nh4 Bg6 9. f4 e6 10. Qd1 Be7 11. Nxg6 hxg6 12. b4 b6 13. Bd2 Nh5 14. Rg1 f5 15. Qf3 Nhf6 16. h3 a5 17. cxb6 Qxb6 18. b5 cxb5 19. Bxb5 Bb4 20. Rb1 Qd6 21. Qd1 Kf7 22. Bd3 Qe7 23. Nb5 Ne4 24. Bxe4 dxe4 25. Ke2 Rhb8 26. a4 Nb6 27. Qb3 Nd5 28. Rgc1 Rb7 29. Rc6 Rd8 30. Rbc1 Rbd7 31. Ra6 Bxd2 32. Kxd2 Qh4 33. Qd1 Nxf4 34. Qe1 Qxe1+ 35. Rxe1 Nxg2 36. Rc1 e5 37. Rcc6 exd4 38. exd4 Nh4 39. Ke3 g5 40. Rxa5 f4+ 41. Kxe4 Re7+ 42. Kd3 Re3+ 43. Kd2 Nf3+ 44. Kc2 Ne1+ 45. Kd1 Nd3 46. Ra7+ Re7 47. Rxe7+ Kxe7 48. Ke2 Nb4 49. Rg6 Kf7 50. Rxg5 Kf6 51. Rh5 Ra8 52. Nc3 Rd8 53. Rb5 Nc2 54. Ne4+ Ke6 55. Re5+ Kf7 56. d5 Ne3 57. d6 Nc4 58. Rd5 Nb6 59. Rd4 Ke6 60. a5 Nd7 61. Kf3 Ra8 62. Ra4 Kf5 63. Nd2 Ne5+ 64. Ke2 Ke6 65. Ne4 Ra7 66. a6 Kd5 67. h4 Kc6 68. Ra5 Nf7 69. Kf3 Kb6 70. Rf5 Kxa6 71. Rxf7 Rxf7 72. d7 Rf8 73. Nc5+ Kb6 74. Ne6 Rh8 75. d8Q+ Rxd8 76. Nxd8 1-0

[Event "Asia-ch U20 Girls"]
[Site "Sri Lanka"]
[Date "2009.07.06"]
[Round "7"]
[White "Hejazipour, Mitra"]
[Black "Preethi, Rajkumar"]
[Result "1-0"]
[WhiteElo "2098"]
[BlackElo "2133"]
[PlyCount "93"]
[EventDate "2009.07.02"]
[EventType "swiss"]
[EventRounds "9"]
[EventCountry "SRI"]
[SourceTitle "EXT 2010"]
[Source "ChessBase"]
[SourceDate "2010.11.25"]
[SourceVersion "1"]
[SourceVersionDate "2010.11.25"]
[SourceQuality "1"]

1. d4 d5 2. c4 Nc6 3. e3 e6 4. Nf3 dxc4 5. Bxc4 Nf6 6. Nc3 Bb4 7. Qc2 0-0 8. a3 Bd6 9. Bb5 Bd7 10. e4 Be7 11. 0-0 Re8 12. Bd3 h6 13. b4 a6 14. h3 Bf8 15. Bb2 Nh5 16. Ne2 g6 17. Rac1 Rc8 18. Rfd1 a5 19. b5 Na7 20. Qb3 c6 21. b6 a4 22. Qxa4 Qxb6 23. Ne5 Nf6 24. Nc4 Qa6 25. Qxa6 bxa6 26. Ne5 Rb8 27. Rd2 a5 28. Rdc2 Bd6 29. Nc4 Bc7 30. Ng3 Rb3 31. Rc3 Reb8 32. Rxb3 Rxb3 33. Bc2 Rb8 34. e5 Nd5 35. Ne4 Kf8 36. Nc5 Bc8 37. Be4 Ke7 38. Rc2 Ke8 39. h4 h5 40. g3 Ke7 41. Kg2 Nb5 42. a4 Na7 43. Ba3 Kd8 44. Rd2 Ke8 45. Rd3 Rb1 46. Rf3 Rb8 47. Nb3 1-0

[Event "Asia-ch U20 Girls"]
[Site "Sri Lanka"]
[Date "2009.07.04"]
[Round "4"]
[White "Premanath, Dinushki"]
[Black "Preethi, Rajkumar"]
[Result "1/2-1/2"]
[WhiteElo "1770"]
[BlackElo "2133"]
[PlyCount "88"]
[EventDate "2009.07.02"]
[EventType "swiss"]
[EventRounds "9"]
[EventCountry "SRI"]
[SourceTitle "EXT 2010"]
[Source "ChessBase"]
[SourceDate "2010.11.25"]
[SourceVersion "1"]
[SourceVersionDate "2010.11.25"]
[SourceQuality "1"]

1. e4 c5 2. Nf3 Nc6 3. d4 cxd4 4. Nxd4 Nf6 5. Nc3 e5 6. Ndb5 d6 7. Bg5 a6 8. Na3 b5 9. Nd5 Be7 10. Bxf6 Bxf6 11. c3 Bg5 12. Nc2 0-0 13. a4 bxa4 14. Rxa4 a5 15. Bc4 Rb8 16. b3 Kh8 17. 0-0 f5 18. exf5 Bxf5 19. Nce3 Be6 20. Qd3 Qd7 21. Rd1 Bd8 22. Rf1 Qf7 23. f4 Qa7 24. Kh1 Bh4 25. f5 Bd7 26. Qe4 Bg5 27. Ra2 Bxe3 28. Nxe3 Ne7 29. Raf2 Bc6 30. Qd3 Qc5 31. Be6 Ng8 32. Rd2 Nf6 33. Nc2 d5 34. b4 Qa7 35. Ra1 a4 36. Qe3 Qc7 37. Re1 Ne4 38. Rd3 Rbd8 39. Red1 Qb7 40. Qe1 Qa7 41. Re3 Qb7 42. Red3 Qa7 43. Re3 Qb7 44. Red3 Qa7 1/2-1/2

[Event "New Delhi Parsvnath op 7th"]
[Site "New Delhi"]
[Date "2009.01.14"]
[Round "5"]
[White "Preethi, Rajkumar"]
[Black "Ashwath, R."]
[Result "1/2-1/2"]
[WhiteElo "2140"]
[BlackElo "2312"]
[PlyCount "36"]
[EventDate "2009.01.11"]
[EventType "swiss"]
[EventRounds "10"]
[EventCountry "IND"]
[SourceTitle "CBM 128 Extra"]
[Source "ChessBase"]
[SourceDate "2009.03.05"]
[SourceVersion "2"]
[SourceVersionDate "2009.03.25"]
[SourceQuality "1"]

1. e4 e5 2. Nf3 Nc6 3. Bc4 Bc5 4. c3 Nf6 5. d4 exd4 6. e5 d5 7. Bb5 Ne4 8. cxd4 Bb6 9. Be3 0-0 10. Nc3 f5 11. exf6 Nxc3 12. bxc3 Qxf6 13. Qb3 Ne7 14. 0-0 h6 15. Ne5 Be6 16. Rae1 Nf5 17. Bd3 Nxe3 18. Rxe3 Rad8 1/2-1/2

[Event "Asia-ch U20 Girls"]
[Site "Chennai"]
[Date "2008.12.10"]
[Round "5"]
[White "Aparna, Raja"]
[Black "Preethi, Rajkumar"]
[Result "0-1"]
[WhiteElo "1753"]
[BlackElo "2156"]
[PlyCount "78"]
[EventDate "2008.12.05"]
[EventType "swiss"]
[EventRounds "9"]
[EventCountry "IND"]
[SourceTitle "CBM 127 Extra"]
[Source "ChessBase"]
[SourceDate "2009.01.08"]
[SourceVersion "2"]
[SourceVersionDate "2009.01.28"]
[SourceQuality "1"]

1. e4 c5 2. Nf3 Nc6 3. d4 cxd4 4. Nxd4 Nf6 5. Nc3 e5 6. Ndb5 d6 7. Bg5 a6 8. Na3 b5 9. Bxf6 gxf6 10. Nd5 f5 11. exf5 Bxf5 12. c3 Bg7 13. Nc2 0-0 14. Nce3 Be6 15. g3 f5 16. Bg2 Rc8 17. 0-0 Kh8 18. Qh5 Ne7 19. Rfd1 Nxd5 20. Nxd5 Rc5 21. a4 Bf7 22. Qe2 e4 23. Nb4 a5 24. Nc2 bxa4 25. Rxa4 Qe8 26. Rda1 Qb8 27. Nd4 Qb6 28. Bh3 Be8 29. Ne6 Bxa4 30. Rxa4 Rb5 31. Nxf8 Rxb2 32. Qe3 Rb1+ 33. Kg2 Qb5 34. c4 Qxa4 35. Bxf5 Qxc4 36. Bxe4 Qf1+ 37. Kf3 Re1 38. Qd3 Qxd3+ 39. Bxd3 Bxf8 0-1

[Event "Wch U18 Girls"]
[Site "Vung Tau"]
[Date "2008.10.27"]
[Round "8"]
[White "Ozturk Orenli, Kubra"]
[Black "Preethi, Rajkumar"]
[Result "0-1"]
[WhiteElo "2254"]
[BlackElo "2156"]
[PlyCount "170"]
[EventDate "2008.10.20"]
[EventType "swiss"]
[EventRounds "11"]
[EventCountry "VIE"]
[SourceTitle "EXT 2009"]
[Source "ChessBase"]
[SourceDate "2008.11.26"]
[SourceVersion "1"]
[SourceVersionDate "2008.11.26"]
[SourceQuality "1"]

1. d4 Nf6 2. c4 e6 3. Nf3 b6 4. e3 Bb7 5. Bd3 Ne4 6. Nbd2 f5 7. a3 Be7 8. Qc2 d5 9. b4 0-0 10. Bb2 a6 11. Rc1 c6 12. Ne5 Bd6 13. Ndf3 Nd7 14. Nxd7 Qxd7 15. c5 bxc5 16. dxc5 Bc7 17. Ne5 Qe8 18. f3 Nf6 19. 0-0 Qh5 20. Be2 Qe8 21. Bd4 Nd7 22. Nxd7 Qxd7 23. f4 e5 24. fxe5 Rae8 25. Bd3 g6 26. Qe2 Qc8 27. Rf3 Bxe5 28. Qb2 Qc7 29. Bxe5 Rxe5 30. a4 Rfe8 31. Qd4 Qe7 32. Kf2 Rd8 33. Rd1 Rc8 34. Rc1 Rd8 35. Rd1 Rc8 36. h4 Rf8 37. Qf4 Bc8 38. Qg5 f4 39. Qxe7 fxe3+ 40. Kg3 Rxe7 41. Re1 d4 42. b5 axb5 43. axb5 cxb5 44. Bxb5 Re5 45. Bc4+ Kg7 46. Rd1 Rd8 47. c6 Bf5 48. c7 Rc8 49. Rxd4 e2 50. Bxe2 Rxe2 51. Rc3 Re7 52. Rdc4 h5 53. Rc1 Kf6 54. Kf4 Re2 55. Kf3 Rd2 56. g3 Ke5 57. Rc5+ Kd6 58. R5c4 Kd5 59. Rc5+ Kd6 60. Rc6+ Ke7 61. Ke3 Rd6 62. R6c4 Kd7 63. Kf4 Be6 64. R4c3 Bd5 65. g4 Rc6 66. Rxc6 Bxc6 67. gxh5 gxh5 68. Rc5 Rf8+ 69. Ke3 Re8+ 70. Kf2 Rf8+ 71. Ke3 Rf3+ 72. Kd2 Kxc7 73. Rxh5 Kd6 74. Rh6+ Kc5 75. Ke2 Be4 76. Rh8 Rh3 77. Kf2 Kd4 78. h5 Ke5 79. h6 Kf4 80. Ke2 Rh2+ 81. Kd1 Ke3 82. Kc1 Rc2+ 83. Kd1 Rc6 84. Re8 Rxh6 85. Kc1 Rb6 0-1

[Event "Wch U18 Girls"]
[Site "Vung Tau"]
[Date "2008.10.22"]
[Round "4"]
[White "Pham Thi Thu, Hien"]
[Black "Preethi, Rajkumar"]
[Result "1/2-1/2"]
[WhiteElo "2006"]
[BlackElo "2156"]
[PlyCount "93"]
[EventDate "2008.10.20"]
[EventType "swiss"]
[EventRounds "11"]
[EventCountry "VIE"]
[SourceTitle "EXT 2009"]
[Source "ChessBase"]
[SourceDate "2008.11.26"]
[SourceVersion "1"]
[SourceVersionDate "2008.11.26"]
[SourceQuality "1"]

1. e4 c5 2. c3 Nf6 3. e5 Nd5 4. d4 cxd4 5. Nf3 e6 6. cxd4 d6 7. Be2 Nd7 8. 0-0 dxe5 9. dxe5 Qc7 10. Re1 Bc5 11. Qb3 0-0 12. Bc4 N7b6 13. Bd3 h6 14. Na3 a6 15. Bd2 Bd7 16. Be4 Ba4 17. Qd3 Rfd8 18. Rac1 Qe7 19. Qb1 Rac8 20. Ba5 Bb4 21. Bxb4 Qxb4 22. h3 Rxc1 23. Qxc1 Rc8 24. Qd2 Qxd2 25. Nxd2 Kf8 26. b3 Bd7 27. Nac4 Bc6 28. Nxb6 Nxb6 29. Rc1 Bd5 30. Rxc8+ Nxc8 31. Bxd5 exd5 32. f4 Ne7 33. Kf2 Nc6 34. a3 Ke7 35. Ke3 f6 36. exf6+ Kxf6 37. b4 Ke6 38. Nb3 Kd6 39. Nc5 Nd8 40. g4 a5 41. g5 hxg5 42. fxg5 axb4 43. axb4 Ke5 44. h4 Nc6 45. b5 Na7 46. Nd7+ Kd6 47. Nc5 1/2-1/2

[Event "Wch U18 Girls"]
[Site "Vung Tau"]
[Date "2008.10.22"]
[Round "3"]
[White "Preethi, Rajkumar"]
[Black "Golubenko, Valentina"]
[Result "0-1"]
[WhiteElo "2156"]
[BlackElo "2273"]
[PlyCount "64"]
[EventDate "2008.10.20"]
[EventType "swiss"]
[EventRounds "11"]
[EventCountry "VIE"]
[SourceTitle "EXT 2009"]
[Source "ChessBase"]
[SourceDate "2008.11.26"]
[SourceVersion "1"]
[SourceVersionDate "2008.11.26"]
[SourceQuality "1"]

1. e4 e6 2. d4 d5 3. Nc3 Nf6 4. Bg5 Bb4 5. e5 h6 6. Bd2 Bxc3 7. bxc3 Ne4 8. Qg4 g6 9. Bd3 Nxd2 10. Kxd2 c5 11. h4 Qe7 12. h5 g5 13. f4 Nc6 14. Nf3 gxf4 15. Qxf4 Bd7 16. g4 0-0-0 17. Qf6 cxd4 18. cxd4 Qb4+ 19. c3 Qb2+ 20. Bc2 Na5 21. Rhb1 Nc4+ 22. Kd3 Qa3 23. Nd2 Nb2+ 24. Rxb2 Qxb2 25. Nb3 Rhg8 26. Qf3 Qa3 27. Nc5 b6 28. Nb3 Rg5 29. Rg1 Rdg8 30. Rg2 Qxa2 31. Nc1 Qb2 32. Ba4 Qb1+ 0-1